000 00367nam a2200157 i 4500
001 bg
100 1 _aBUKOWY, Adam
245 0 _aMaszyny cyfrowe i programowanie /
_cAdam Bukowy. Cz.1.
250 _aWyd.2.
260 _aGliwice,
_c1977.
040 _cBPK
041 _apol
080 _a681.322(075.8)
942 _cKS
008 s pl f |000 0 pol
999 _c17552
_d17552
856 _uhttp://koha.tu.koszalin.pl/cgi-bin/koha/opac-detail.pl?biblionumber=17552
_yKatalog online BPK